00553nam a2200133Ia 4500008004100000041000800041082003100049100003600080245004700116260003700163300000900200999001900209952019100228230411s9999 xx 000 0 und d aeng aCH/610.7343/GUP/MAH/B07350 aGupta M C & Mahajan B K9176312 aTextbook of Preventive and Social Medicine bJaypee BrothersaNew Delhic2003 a646p c157482d157482 001040738CHaBTINbBTINd2012-12-31eJaypee Brothers Medical Publishersg695.00i1025j2oCH 610.7343 GUP MAH B07350pBTIN-BK-7350r2023-04-11 00:00:00v507.00w2007-02-22yBKzB07350